000
00318nam a22001457a 4500
041
_a
ENG
100
_a
Smith.A.E
245
_a
Farm Machinery and Equipment
250
_a
Sixth Edition
260
_a
New Delhi
_b
Tata McGraw Hill
_c
1984
300
_a
488
650
_a
FMP
700
_a
Wilkes.M.S
856
_u
FMP ( 16 )
999
_c
2492
_d
2492